000 00567nam a2200193 a 4500
003 PILC
005 20160215085124.0
008 091109s19uu xx 00 eng d
020 _a9780340981788
050 _aBF 698.5
_b.R346 2008
100 _aRhodes, Peter S.
245 _aPractice tests for personality testing /
_cPeter S. Rhodes.
260 _aUnited Kingdom :
_bHodder Education,
_c2008.
300 _a196 pages ;
_c20 cm.
650 _aPersonality tests.
650 _aPersonality
_xProblems, exercises, etc.
942 _cBK
_2lcc
_kFOR
999 _c23725
_d23725